| 000 | 00550nam a2200181 a 4500 | ||
|---|---|---|---|
| 005 | 20240220063831.0 | ||
| 008 | 991125s1959 new 000 0 eng u | ||
| 035 | _aUPN01000052829 | ||
| 049 | _aCG | ||
| 050 | 4 |
_aLC89 _bP6.8 |
|
| 100 | 1 | _aBryner, James R. | |
| 245 | 1 | 4 |
_aThe school in America society / _cRalph L. Pounds and James R. Bryner. |
| 260 |
_aNew York : _bMacMillan, _c1959. |
||
| 300 |
_axxi, 518 p. : _bil. |
||
| 650 | 4 |
_aEducación _xAspectos sociales _zEstados Unidos _910388 |
|
| 700 | 1 |
_aBryner, James R., _ecoaut. |
|
| 905 | _aLibro | ||
| 999 |
_c52829 _d52829 |
||